00682nam a22001817a 450000500170000000800410001702000150005805000250007310000300009824501190012825000110024726000680025830000220032650000620034850000230041065000290043370000380046220230222121902.0101124t mx ||||| |||| 00| 0 spa d a970665018004aHF5668.25 bA33 19991 aAdam Adam, Alfredoeautor10aLa auditoría interna en la administración pública federal c / Alfredo Adam Adam, Guillermo Becerril Lozada. a2a ed. aMéxico :bInstituto Mexicano de Contadores Públicos, c1999 a348 p. ;c22 cm. aEn la cubierta: Mención honorifica premio nacional 1979 aIncluye apéndice 72lembaAuditoria interna 1 aBecerril Lozada, Guillermoeautor